000 00200 a2200097 4500
020 _a9780765280305
041 _aspa
100 _aCuesta m. Vivian
245 _ala gran carrera de tortuga
942 _cBK
999 _c10814
_d10814